Bengal towards the close of Aurangzib's reign (1690-1707) / (Record no. 29015)
[ view plain ]
| 000 -LEADER | |
|---|---|
| fixed length control field | 00884nam a2200277 a 4500 |
| 001 - CONTROL NUMBER | |
| control field | 29015 |
| 003 - CONTROL NUMBER IDENTIFIER | |
| rucl marc code | BD-RjUL |
| 005 - DATE AND TIME OF LATEST TRANSACTION | |
| control field | 20211209051347.0 |
| 008 - FIXED-LENGTH DATA ELEMENTS--GENERAL INFORMATION | |
| fixed length control field | 140402s1994 bg b b 001 0 eng |
| 020 ## - INTERNATIONAL STANDARD BOOK NUMBER | |
| International Standard Book Number | 9840690086 |
| 035 ## - SYSTEM CONTROL NUMBER | |
| System control number | (BD-RjUL)29100 |
| 040 ## - CATALOGING SOURCE | |
| Original cataloging agency | DLC |
| Transcribing agency | DLC |
| Language of cataloging | eng |
| Modifying agency | BD-RjUL |
| 041 ## - LANGUAGE CODE | |
| Language code of text/sound track or separate title | eng |
| 082 00 - DEWEY DECIMAL CLASSIFICATION NUMBER | |
| Classification number | 954.14 |
| Edition number | 21 |
| Author mark and year | HOB 1994 |
| 100 1# - MAIN ENTRY--PERSONAL NAME | |
| Personal name | Hoque, M. Inamul. |
| 9 (RLIN) | 84991 |
| 245 10 - TITLE STATEMENT | |
| Title | Bengal towards the close of Aurangzib's reign (1690-1707) / |
| Statement of responsibility, etc. | M. Inamul Hoque. |
| 250 ## - EDITION STATEMENT | |
| Edition statement | 1st ed. |
| 260 ## - PUBLICATION, DISTRIBUTION, ETC. (IMPRINT) | |
| Place of publication, distribution, etc. | Dhaka : |
| Name of publisher, distributor, etc. | Islamic Foundation Bangladesh, |
| Date of publication, distribution, etc. | 1994. |
| 300 ## - PHYSICAL DESCRIPTION | |
| Pagination | xxxiv, 371 p. : |
| Illustrations | ill., maps ; |
| Size | 22 cm. |
| 504 ## - BIBLIOGRAPHY, ETC. NOTE | |
| Bibliography, etc | Includes bibliographical references (p. [358]-371) and index. |
| 600 00 - SUBJECT ADDED ENTRY--PERSONAL NAME | |
| Personal name | Aurangzeb, |
| Titles and other words associated with a name | Emperor of Hindustan, |
| Dates associated with a name | 1618-1707. |
| 651 #0 - SUBJECT ADDED ENTRY--GEOGRAPHIC NAME | |
| Geographic name | Bengal (India) |
| General subdivision | History. |
| 9 (RLIN) | 88633 |
| 942 ## - ADDED ENTRY ELEMENTS (KOHA) | |
| Source of classification or shelving scheme | Dewey Decimal Classification |
| Koha item type | Books |
| Lost status | Source of classification or shelving scheme | Damaged status | Not for loan | Collection code | Permanent Location | Current Location | Shelving location | Date acquired | Source of acquisition | Cost, normal purchase price | Total Checkouts | Full call number | Date last seen | Copy number | Koha item type |
|---|---|---|---|---|---|---|---|---|---|---|---|---|---|---|---|
| Dewey Decimal Classification | Added to bundle | Non-fiction | Central Library, University of Rajshahi | Central Library, University of Rajshahi | Reading Room | 31/10/1995 | M. I. Hoque V.C. Is. U. | 153.00 | 954.14 HOB 1994 | 02/04/2014 | C-1 | Books | |||
| Dewey Decimal Classification | Non-fiction | Central Library, University of Rajshahi | Central Library, University of Rajshahi | 31/10/1995 | M. I. Hoque V.C. Is. U. | 153.00 | 954.14 HOB 1994 | 02/04/2014 | C-3 | Books | |||||
| Dewey Decimal Classification | Non-fiction | Central Library, University of Rajshahi | Central Library, University of Rajshahi | 31/10/1995 | M. I. Hoque V.C. Is. U. | 153.00 | 954.14 HOB 1994 | 02/04/2014 | C-4 | Books | |||||
| Dewey Decimal Classification | Non-fiction | Central Library, University of Rajshahi | Central Library, University of Rajshahi | 31/10/1995 | M. I. Hoque V.C. Is. U. | 153.00 | 954.14 HOB 1994 | 02/04/2014 | C-6 | Books | |||||
| Dewey Decimal Classification | Non-fiction | Central Library, University of Rajshahi | Central Library, University of Rajshahi | 31/10/1995 | M. I. Hoque V.C. Is. U. | 153.00 | 954.14 HOB 1994 | 02/04/2014 | C-7 | Books | |||||
| Dewey Decimal Classification | Non-fiction | Central Library, University of Rajshahi | Central Library, University of Rajshahi | 31/10/1995 | M. I. Hoque V.C. Is. U. | 153.00 | 954.14 HOB 1994 | 02/04/2014 | C-8 | Books | |||||
| Dewey Decimal Classification | Non-fiction | Central Library, University of Rajshahi | Central Library, University of Rajshahi | 31/10/1995 | M. I. Hoque V. C. ISL University Kust. | 153.00 | 954.14 HOB 1994 | 09/02/2017 | C-2 | Books |